Revista de derecho

Detalles Bibliográficos
Autor Corporativo: Universidad del Norte (Barranquilla, Colombia). Divisin̤ de Ciencias Jurd̕icas
Formato: Desconocido
Lenguaje:español
Publicado: Barranquilla, Colombia : Divisin̤ de Ciencias Jurd̕icas de la Universidad del Norte
Materias:
Acceso en línea:Acceso restringido

MARC

LEADER 00000ny a22000003n 4500
005 20110510150835.0
008 940218c19929999ck fr p glw 0 0spa
010 |a 94655524 
022 |a 0121-8697 
035 |a 2696 
040 |a DLC  |c DLC  |d vLex 
050 0 0 |a K19  |b .D32513 
050 0 0 |a K19  |b .D32513 
082 0 0 |a 348.861  |a 348.6108  |2 20 
090 |c 1596  |d 1596 
130 0 |a Revista de derecho (Barranquilla, Colombia) 
245 0 0 |a Revista de derecho  |h [Recurso electrn̤ico]  |c Divisin̤ de Ciencias Jurd̕icas de la Universidad del Norte 
246 3 |a Ciencias jurd̕icas 
256 |a Servicio en ln̕ea 
260 |a Barranquilla, Colombia :  |b Divisin̤ de Ciencias Jurd̕icas de la Universidad del Norte 
310 |a Semestral 
506 1 |a Contenido solo disponible en los productos indicados  |d vLex Global  |d vLex Global (Academic Edition, excluding Law Schools)  |d vLex Global (U.S. Academic Edition, Law Schools)  |d vLex Global (U.S. Academic Edition, excluding Law Schools)  |d vLex Global (Academic Edition, Law Schools) 
650 0 4 |a Derecho  |x Publicaciones perid̤icas 
650 0 4 |a Derecho  |z Colombia  |x Publicaciones perid̤icas 
710 2 |a Universidad del Norte (Barranquilla, Colombia).  |b Divisin̤ de Ciencias Jurd̕icas 
740 0 |a vLex Revista (Servicios en ln̕ea) 
843 |a Electrn̤ica. Abierta 
853 |8 1  |i (year)  |j (month)  |k (day) 
856 4 0 |z Acceso restringido  |u http://vlex.com/account/login_ip?fuente_id=2696 
942 |c REV 
999 0 |a Law  |v Periodicals. 
999 0 |a Law  |z Colombia  |v Periodicals.